Kapitálová přiměřenost v návrhu novely Basle Accord
Verejná diskusia o návrhu novely Bazilejského výboru pre bankový dohľad pri Banke pre medzinárodné platby v Bazileji. Novela vychádza z pôvodnej predlohy z roku 1988 a je založená na troch pilieroch: stanovenie minimálnych kapitálových požiadaviek, posudzovanie adekvátnosti kapitálu jednotlivých bán...
Salvato in:
| Autore principale: | |
|---|---|
| Natura: | Capitolo di libro |
| Lingua: | ceco |
| Soggetti: | |
| Tags: |
Nessun Tag, puoi essere il primo ad aggiungerne!!
|
MARC
| LEADER | 00000naa a2200000 4500 | ||
|---|---|---|---|
| 001 | r035829 | ||
| 005 | 20230929094432.4 | ||
| 041 | 0 | |a cze | |
| 044 | |a CZ | ||
| 245 | 1 | 0 | |a Kapitálová přiměřenost v návrhu novely Basle Accord |c Pavel Vacek |
| 520 | |a Verejná diskusia o návrhu novely Bazilejského výboru pre bankový dohľad pri Banke pre medzinárodné platby v Bazileji. Novela vychádza z pôvodnej predlohy z roku 1988 a je založená na troch pilieroch: stanovenie minimálnych kapitálových požiadaviek, posudzovanie adekvátnosti kapitálu jednotlivých bánk regulátormi, vyžadovanie trhovej disciplíny. Pripomienky je možné uplatniť do 31.3.2000. | ||
| 610 | 2 | 0 | |a primeranosť kapitálová |
| 610 | 2 | 0 | |a dohľad bankový |
| 610 | 2 | 0 | |a novelizácia |
| 610 | 2 | 0 | |a Bazilejský výbor pre bankový dohľad |
| 610 | 2 | 0 | |a dohody medzinárodné |
| 100 | 1 | |a Vacek, Pavel | |